| 000 | 01079naa a22003017a 4500 | ||
|---|---|---|---|
| 001 | BR8502113 | ||
| 003 | BR-BrBNA | ||
| 005 | 20240918175602.0 | ||
| 007 | ta | ||
| 008 | 230509b bl.||||| |||| 00| 0 por d | ||
| 040 |
_aBR-BrBNA _bpor _cBiblioteca Nacional de Agricultura |
||
| 041 | _a(Pt) | ||
| 072 |
_aF30 _b0120 _bG514 _bGZ74 |
||
| 090 | _aF30 BR8502113 | ||
| 100 | 1 | _aRuschel, R. | |
| 111 | 1 |
_aSimposio sobre o Potencial Agricola dos Cerrados _cGoiania, GO (Brazil) _d2-4 Sep 1985 |
|
| 245 | 1 | _aA cultura do milho nos cerrados | |
| 260 | 3 |
_aCampinas, SP (Brasil): _c1985. |
|
| 500 | _aTrabalhos apresentados no Simposio sobre o Potencial Agricola dos Cerrados Campinas, SP (Brasil): 1985. p. 3-16 (BR8502113-AM)F30 | ||
| 650 | _aMILHO | ||
| 650 | _aMELHORAMENTO VEGETAL | ||
| 650 | _aIMPLANTACAO DE CULTURA | ||
| 650 | _aGOIAS | ||
| 650 | _aCERRADO | ||
| 773 | 0 |
_tTrabalhos apresentados no Simposio sobre o Potencial Agricola dos Cerrados _wF30 BR8502113 _gCampinas, SP (Brasil), 1985. p. 3-16 |
|
| 909 |
_a202404 _bLucia _c55 _dLucia Elande |
||
| 942 |
_cAM _2AGRIS |
||
| 999 |
_c317333 _d317333 |
||